000 00361nam a2200097Ia 4500
005 20250424112840.0
008 250424s9999 xx 000 0 und d
300 _aviii, 136 p. :ill. ; 25 cm.
650 _aIndustrial management--Nigeria--Periodicals. Finance--Nigeria--Periodicals. Medical care--Nigeria--Periodicals. Nigeria--Commerce--Periodicals.
942 _cSR
999 _c37487
_d37487